[Event "BL 1819 (Women)"]
[Site "Germany"]
[Date "2018.11.18"]
[Round "4.5"]
[White "Rubina, Tatiana"]
[Black "Laake, Jasmin Maria"]
[Result "0-1"]
[WhiteElo "2015"]
[BlackElo "2015"]
[PlyCount "120"]
[EventDate "2018.10.27"]
[EventType "team-tourn"]
[EventRounds "11"]
[EventCountry "GER"]
[SourceTitle "CBM 188 Extra"]
[Source "ChessBase"]
[SourceDate "2019.02.26"]
[SourceVersion "1"]
[SourceVersionDate "2019.02.26"]
[SourceQuality "1"]
[WhiteTeam "Karlsruhe (W)"]
[BlackTeam "Lehrte (W)"]
[WhiteTeamCountry "GER"]
[BlackTeamCountry "GER"]

1. e4 c5 2. Nf3 d6 3. d4 cxd4 4. Nxd4 Nf6 5. Nc3 a6 6. Be2 e5 7. Nb3 b5 8. Be3 Nbd7 9. Bf3 Nb6 10. a4 b4 11. Nd5 Nbxd5 12. exd5 e4 13. Be2 Bb7 14. Qd4 Nxd5 15. Qxe4+ Qe7 16. Qxe7+ Bxe7 17. Bd2 Bf6 18. Na5 Bc8 19. Nc4 Ke7 20. Bf3 Be6 21. 0-0-0 Rab8 22. Rhe1 Nb6 23. Na5 Nxa4 24. Nc6+ Kd7 25. Nxb8+ Rxb8 26. Bf4 Bxb2+ 27. Kb1 Rb6 28. Be3 Rb5 29. Bf4 d5 30. Re3 Bf6 31. Rdd3 Nc5 32. Rd1 Ra5 33. Be5 Bxe5 34. Rxe5 Kd6 35. Rh5 Na4 36. Rd3 Nc3+ 37. Kc1 Ra1+ 38. Kd2 h6 39. Rh4 a5 40. Rf4 Ke5 41. g3 Ra2 42. Re3+ Kd6 43. g4 Kc5 44. h4 a4 45. g5 hxg5 46. hxg5 d4 47. Re5+ Kc4 48. g6 b3 49. gxf7 Rxc2+ 50. Ke1 b2 51. Kf1 b1Q+ 52. Re1 Rc1 53. f8Q Bh3+ 54. Kg1 Rxe1+ 55. Kh2 Be6 56. Qxg7 Qd3 57. Qc7+ Kb3 58. Qb6+ Kc2 59. Bg2 Qh7+ 60. Kg3 Ne2+ 0-1

[Event "BL 1819 (Women)"]
[Site "Germany"]
[Date "2018.11.17"]
[Round "3.5"]
[White "Laake, Jasmin Maria"]
[Black "Heinemann, Josefine"]
[Result "0-1"]
[WhiteElo "2015"]
[BlackElo "2308"]
[PlyCount "80"]
[EventDate "2018.10.27"]
[EventType "team-tourn"]
[EventRounds "11"]
[EventCountry "GER"]
[SourceTitle "CBM 188 Extra"]
[Source "ChessBase"]
[SourceDate "2019.02.26"]
[SourceVersion "1"]
[SourceVersionDate "2019.02.26"]
[SourceQuality "1"]
[WhiteTeam "Lehrte (W)"]
[BlackTeam "Baden-Baden (W)"]
[WhiteTeamCountry "GER"]
[BlackTeamCountry "GER"]

1. e4 c5 2. Nf3 d6 3. d4 cxd4 4. Nxd4 Nf6 5. Nc3 a6 6. f4 e5 7. Nf3 Nbd7 8. Bc4 Be7 9. 0-0 0-0 10. a4 exf4 11. Qd4 d5 12. Qd1 dxc4 13. Bxf4 Qb6+ 14. Kh1 Qxb2 15. Qd4 Bc5 16. Qxc4 Qb4 17. Qd3 Qa5 18. e5 Ng4 19. Ng5 g6 20. Qh3 h5 21. e6 Ndf6 22. exf7+ Kg7 23. Qf3 Bf5 24. Nd5 Bd4 25. Nc7 Bxa1 26. Rxa1 Qb6 27. h3 Nf2+ 28. Kh2 N2e4 29. Nxa8 Rxa8 30. Re1 Nxg5 31. Bxg5 Rf8 32. Qf4 Rxf7 33. Bh6+ Kh7 34. Bf8 Rxf8 35. Re7+ Kg8 36. Qc4+ Kh8 37. Qf4 Ng8 38. Qe5+ Qf6 39. Qxf6+ Nxf6 40. Rxb7 Bxc2 0-1

[Event "BL 1718 (Women)"]
[Site "Germany"]
[Date "2017.12.17"]
[Round "5.6"]
[White "Laake, Jasmin Maria"]
[Black "Zpevakova, Jana"]
[Result "0-1"]
[WhiteElo "2033"]
[BlackElo "2134"]
[PlyCount "58"]
[EventDate "2017.10.01"]
[EventType "team-tourn"]
[EventRounds "11"]
[EventCountry "GER"]
[SourceTitle "EXT 2019"]
[Source "ChessBase"]
[SourceDate "2018.10.10"]
[SourceVersion "1"]
[SourceVersionDate "2018.10.10"]
[SourceQuality "1"]
[WhiteTeam "Lehrte (W)"]
[BlackTeam "Schwaebisch Hall (W)"]
[WhiteTeamCountry "GER"]
[BlackTeamCountry "GER"]

1. e4 e6 2. d4 d5 3. Nd2 c5 4. c3 cxd4 5. cxd4 dxe4 6. Nxe4 Bb4+ 7. Nc3 Nf6 8. Nf3 0-0 9. Bd3 b6 10. 0-0 Bb7 11. Bg5 h6 12. Bh4 Nc6 13. Rc1 Be7 14. Bb1 Nb4 15. Ne5 Rc8 16. a3 Nbd5 17. Bxf6 Nxf6 18. Qd3 Bd6 19. f4 Re8 20. Rfe1 Re7 21. g4 Rec7 22. g5 hxg5 23. fxg5 Ne4 24. Rxe4 Bxe4 25. Qxe4 Qxg5+ 26. Kf2 Qxc1 27. Qh7+ Kf8 28. Ng6+ fxg6 29. Bxg6 Qh6 0-1

[Event "BL 1718 (Women)"]
[Site "Germany"]
[Date "2017.12.16"]
[Round "4.6"]
[White "Jelica, Mara"]
[Black "Laake, Jasmin Maria"]
[Result "1-0"]
[WhiteElo "2127"]
[BlackElo "2033"]
[PlyCount "45"]
[EventDate "2017.10.01"]
[EventType "team-tourn"]
[EventRounds "11"]
[EventCountry "GER"]
[SourceTitle "EXT 2019"]
[Source "ChessBase"]
[SourceDate "2018.10.10"]
[SourceVersion "1"]
[SourceVersionDate "2018.10.10"]
[SourceQuality "1"]
[WhiteTeam "Deizisau (W)"]
[BlackTeam "Lehrte (W)"]
[WhiteTeamCountry "GER"]
[BlackTeamCountry "GER"]

1. e4 c5 2. Nf3 d6 3. d4 cxd4 4. Nxd4 Nf6 5. Nc3 a6 6. Bg5 e5 7. Nb3 Be6 8. Be2 Be7 9. f4 exf4 10. Bxf4 Nc6 11. Nd4 Qb6 12. Nxe6 fxe6 13. Qd2 Qxb2 14. Rb1 Qa3 15. Rxb7 Na5 16. Rb6 Rc8 17. Rxa6 Rxc3 18. Ra8+ Bd8 19. Bxd6 Nxe4 20. Bb5+ Kf7 21. Qf4+ Nf6 22. Bxa3 Bc7 23. Ra7 1-0

[Event "BL 1415 (Women)"]
[Site "Germany"]
[Date "2014.09.28"]
[Round "2.4"]
[White "Laake, Jasmin Maria"]
[Black "Rapport, Jovana"]
[Result "0-1"]
[WhiteElo "2033"]
[BlackElo "2308"]
[PlyCount "80"]
[EventDate "2014.09.27"]
[EventType "team-tourn"]
[EventRounds "11"]
[EventCountry "GER"]
[SourceTitle "CBM 166 Extra"]
[Source "ChessBase"]
[SourceDate "2015.06.18"]
[SourceVersion "1"]
[SourceVersionDate "2015.06.18"]
[SourceQuality "1"]
[WhiteTeam "Lehrte (W)"]
[BlackTeam "Schwaebisch Hall (W)"]
[WhiteTeamCountry "GER"]
[BlackTeamCountry "GER"]

1. e4 e6 2. d4 d5 3. Nd2 Nc6 4. Ngf3 Nf6 5. e5 Nd7 6. c3 f6 7. exf6 Qxf6 8. Nb3 Bd6 9. Bg5 Qf7 10. Bb5 0-0 11. c4 a5 12. Qe2 a4 13. Nbd2 Nb4 14. 0-0 c6 15. c5 Bc7 16. Bd3 Nxd3 17. Qxd3 e5 18. Qc3 e4 19. Ne5 Nxe5 20. dxe5 Re8 21. f4 Qh5 22. Qg3 h6 23. Bf6 Qg4 24. Bh4 Ba5 25. Qxg4 Bxg4 26. Be1 a3 27. Rb1 Be2 28. b4 Bxf1 29. Nxf1 Bc7 30. Bf2 Rf8 31. g3 Rad8 32. Rd1 g5 33. Be3 d4 34. Bxd4 gxf4 35. gxf4 Rxf4 36. Ne3 Rf3 37. Ng4 Kf7 38. Rd2 Ke6 39. Be3 Rg8 40. Rg2 h5 0-1

[Event "BL2 West 1213 (Women)"]
[Site "Germany"]
[Date "2012.10.07"]
[Round "2.2"]
[White "Laake, Jasmin Maria"]
[Black "Buecker, Simone"]
[Result "1-0"]
[WhiteElo "2041"]
[BlackElo "1640"]
[PlyCount "59"]
[EventDate "2012.10.06"]
[EventType "team-tourn"]
[EventRounds "7"]
[EventCountry "GER"]
[SourceTitle "EXT 2018"]
[Source "ChessBase"]
[SourceDate "2017.10.13"]
[SourceVersion "1"]
[SourceVersionDate "2017.10.13"]
[SourceQuality "1"]
[WhiteTeam "Lehrte (W)"]
[BlackTeam "Quickborn Holstein (W)"]
[WhiteTeamCountry "GER"]
[BlackTeamCountry "GER"]

1. e4 d5 2. exd5 Nf6 3. d4 Nxd5 4. c4 Nf6 5. Nc3 c6 6. Nf3 Bf5 7. Be2 e6 8. 0-0 h6 9. b3 Bd6 10. Bb2 0-0 11. h3 Nbd7 12. Bd3 Bxd3 13. Qxd3 Be7 14. Rfe1 Nb6 15. Rad1 Qc7 16. Ne5 Rad8 17. Qf3 Nbd7 18. Qg3 Qb8 19. Bc1 Kh8 20. Bf4 Nxe5 21. Bxe5 Bd6 22. Qf4 Bxe5 23. dxe5 Nh7 24. Rd6 Qc7 25. Red1 Kg8 26. c5 Qe7 27. Ne4 f6 28. exf6 Nxf6 29. Nxf6+ Qxf6 30. Qxf6 1-0

[Event "BL 0910 (Women)"]
[Site "Germany"]
[Date "2010.02.20"]
[Round "6.3"]
[White "Moser, Eva"]
[Black "Laake, Jasmin Maria"]
[Result "1-0"]
[WhiteElo "2431"]
[BlackElo "2072"]
[PlyCount "67"]
[EventDate "2009.11.07"]
[EventType "team-tourn"]
[EventRounds "11"]
[EventCountry "GER"]
[SourceTitle "CBM 133 Extra"]
[Source "ChessBase"]
[SourceDate "2010.01.05"]
[SourceVersion "1"]
[SourceVersionDate "2010.01.05"]
[SourceQuality "1"]
[WhiteTeam "Baden-Baden (W)"]
[BlackTeam "Lehrte (W)"]
[WhiteTeamCountry "GER"]
[BlackTeamCountry "GER"]

1. g3 g6 2. Bg2 Bg7 3. d4 d6 4. e4 Nf6 5. Ne2 0-0 6. h3 Nbd7 7. 0-0 e5 8. Nbc3 exd4 9. Nxd4 Re8 10. Re1 c6 11. Bf4 Ne5 12. a4 a5 13. b3 Qc7 14. Qd2 Bd7 15. Be3 Bc8 16. Rad1 Rd8 17. f4 Ned7 18. Qf2 Re8 19. Ndb5 cxb5 20. Nxb5 Qd8 21. Nxd6 Rf8 22. e5 Ne8 23. Nxb7 Qc7 24. Nd6 Nxd6 25. Bxa8 Nb7 26. Rd2 Qb8 27. Bxb7 Qxb7 28. Red1 Nb8 29. Bc5 Re8 30. Rd8 Bd7 31. R1xd7 Nxd7 32. Rxe8+ Bf8 33. Bxf8 Nxf8 34. Qc5 1-0

[Event "GER-chT Federal Cup (Women)"]
[Site "Braunfels"]
[Date "2009.06.07"]
[Round "5"]
[White "Laake, Jasmin Maria"]
[Black "Dergatschova, Anna"]
[Result "0-1"]
[WhiteElo "2029"]
[BlackElo "2234"]
[PlyCount "68"]
[EventDate "2009.06.04"]
[EventType "team-swiss"]
[EventRounds "5"]
[EventCountry "GER"]
[SourceTitle "CBM 130 Extra"]
[Source "ChessBase"]
[SourceDate "2009.07.02"]
[SourceVersion "2"]
[SourceVersionDate "2009.07.15"]
[SourceQuality "1"]

1. e4 c5 2. Nf3 g6 3. d4 cxd4 4. Nxd4 Bg7 5. f4 Nc6 6. c3 d6 7. Be3 Nf6 8. Qc2 Bd7 9. Be2 Rc8 10. Bf3 0-0 11. 0-0 a6 12. Qe2 Nxd4 13. cxd4 Bb5 14. Qd2 Bxf1 15. Kxf1 d5 16. Nc3 dxe4 17. Nxe4 Nd5 18. Bf2 e6 19. Nc5 Qc7 20. Bg3 Rfd8 21. f5 e5 22. Qg5 h6 23. Qh4 Ne3+ 24. Kg1 Nxf5 25. Qh3 Nxd4 26. Ne4 Nxf3+ 27. gxf3 Qb6+ 28. Bf2 Qxb2 29. Re1 f5 30. Nc5 Rd2 31. Qg3 Kh7 32. Ne6 Rxf2 33. Qxf2 Rc2 34. Qg3 Qb6+ 0-1

[Event "BL 0809 (Women)"]
[Site "Germany"]
[Date "2009.04.25"]
[Round "10.4"]
[White "Laake, Jasmin Maria"]
[Black "Wagner Michel, Annett"]
[Result "1-0"]
[WhiteElo "2029"]
[BlackElo "2150"]
[PlyCount "75"]
[EventDate "2008.11.08"]
[EventType "team-tourn"]
[EventRounds "11"]
[EventCountry "GER"]
[SourceTitle "EXT 2010"]
[Source "ChessBase"]
[SourceDate "2010.11.25"]
[SourceVersion "1"]
[SourceVersionDate "2010.11.25"]
[SourceQuality "1"]
[WhiteTeam "Lehrte (W)"]
[BlackTeam "Pankow Rotation (W)"]
[WhiteTeamCountry "GER"]
[BlackTeamCountry "GER"]

1. e4 c5 2. Nf3 Nc6 3. Bb5 g6 4. Bxc6 dxc6 5. 0-0 Bg7 6. h3 Qc7 7. Qe2 e5 8. c3 Nf6 9. d4 cxd4 10. cxd4 exd4 11. e5 d3 12. Qxd3 Nd5 13. Na3 0-0 14. Re1 Bf5 15. Qe2 Nb4 16. Nd4 Bd3 17. Qe3 c5 18. Nf3 Rfe8 19. Bd2 Rad8 20. Rac1 Nxa2 21. Qxc5 Qxc5 22. Rxc5 Rd7 23. Nb5 b6 24. Nd6 Red8 25. Rc6 Bxe5 26. Nxe5 Rxd6 27. Rc7 Re6 28. Rxa7 Bb5 29. Bh6 Nb4 30. Rxf7 Be8 31. Rg7+ Kh8 32. f4 Nd5 33. Ra1 Re7 34. Rxe7 Nxe7 35. Bg5 Rc8 36. Bxe7 Bb5 37. Bf6+ Kg8 38. Ra7 1-0

[Event "BL 0809 (Women)"]
[Site "Germany"]
[Date "2009.01.24"]
[Round "6.4"]
[White "Laake, Jasmin Maria"]
[Black "Just, Anita"]
[Result "1-0"]
[WhiteElo "2029"]
[BlackElo "1991"]
[PlyCount "69"]
[EventDate "2008.11.08"]
[EventType "team-tourn"]
[EventRounds "11"]
[EventCountry "GER"]
[SourceTitle "EXT 2010"]
[Source "ChessBase"]
[SourceDate "2010.11.25"]
[SourceVersion "1"]
[SourceVersionDate "2010.11.25"]
[SourceQuality "1"]
[WhiteTeam "Lehrte (W)"]
[BlackTeam "Leipzig Allianz (W)"]
[WhiteTeamCountry "GER"]
[BlackTeamCountry "GER"]

1. e4 e6 2. d4 d5 3. Nd2 c5 4. exd5 Qxd5 5. Ngf3 Nc6 6. Bc4 Qd8 7. Nb3 cxd4 8. 0-0 Nf6 9. Nfxd4 Nxd4 10. Nxd4 a6 11. a4 Qc7 12. Bb3 Bd6 13. h3 b6 14. Re1 0-0 15. Bg5 Bh2+ 16. Kh1 Be5 17. c3 Bb7 18. Nf3 Ne4 19. Qe2 Bg3 20. Be3 Rfd8 21. Bc2 Bd6 22. Bd4 f5 23. Bxe4 fxe4 24. Ng5 Bd5 25. Nxe4 Bf4 26. Qg4 e5 27. Nf6+ Kh8 28. Nxd5 Rxd5 29. Be3 Rad8 30. Bxf4 exf4 31. Re4 g5 32. Rae1 R8d7 33. Re8+ Kg7 34. Qe6 Qd6 35. Rg8# 1-0

[Event "GER-chT Nord-West U20"]
[Site "Germany"]
[Date "2007.01.21"]
[Round "6.2"]
[White "Laake, Jasmin Maria"]
[Black "Mueller, Jan Hendrik"]
[Result "0-1"]
[WhiteElo "2007"]
[BlackElo "2040"]
[PlyCount "82"]
[EventDate "2006.09.24"]
[EventType "team"]
[EventRounds "9"]
[EventCountry "GER"]
[SourceTitle "EXT 2008"]
[Source "ChessBase"]
[SourceDate "2007.11.25"]
[SourceVersion "1"]
[SourceVersionDate "2007.11.25"]
[SourceQuality "1"]

1. e4 e6 2. d4 d5 3. Nc3 Bb4 4. e5 c5 5. a3 Bxc3+ 6. bxc3 Ne7 7. h4 Qc7 8. Nf3 b6 9. h5 h6 10. a4 Nbc6 11. Ba3 Na5 12. Qd2 Bd7 13. Rh3 cxd4 14. cxd4 Nc4 15. Bxc4 Qxc4 16. Qb4 Qxb4+ 17. Bxb4 Rc8 18. Kd1 Rc4 19. c3 a5 20. Nd2 axb4 21. Nxc4 dxc4 22. cxb4 Nc6 23. a5 b5 24. a6 0-0 25. a7 Ra8 26. Rha3 Nxb4 27. Kd2 Kf8 28. Rb1 Nd5 29. Ra6 Ke7 30. Rba1 Kd8 31. f4 Kc7 32. g4 Bc6 33. f5 c3+ 34. Ke1 Nb4 35. fxe6 fxe6 36. R6a2 Nxa2 37. Rxa2 Kb6 38. Ra3 b4 39. Rb3 Kb5 40. Ke2 Kc4 41. Rb1 Rxa7 0-1

[Event "Niedersachsen-ch M"]
[Site "Verden"]
[Date "2007.01.05"]
[Round "6"]
[White "Laake, Jasmin Maria"]
[Black "Lange, Norbert"]
[Result "0-1"]
[WhiteElo "2017"]
[BlackElo "2033"]
[PlyCount "86"]
[EventDate "2007.01.03"]
[EventType "swiss"]
[EventRounds "9"]
[EventCountry "GER"]
[SourceTitle "EXT 2008"]
[Source "ChessBase"]
[SourceDate "2007.11.25"]
[SourceVersion "1"]
[SourceVersionDate "2007.11.25"]
[SourceQuality "1"]

1. e4 g6 2. d4 Bg7 3. Nc3 d6 4. f4 a6 5. Nf3 b5 6. Be3 Nd7 7. e5 Bb7 8. Bd3 Nh6 9. 0-0 0-0 10. Bf2 c5 11. e6 cxd4 12. Nxd4 Nc5 13. Qe2 f5 14. Nd1 Ng4 15. c3 Nxd3 16. Qxd3 Be4 17. Qg3 Qc8 18. a4 Nxf2 19. Nxf2 Bxd4 20. cxd4 Qxe6 21. Rfe1 d5 22. axb5 axb5 23. Qb3 Rxa1 24. Rxa1 Rc8 25. Qxb5 Qd6 26. Nh3 Rb8 27. Qa4 Qb4 28. b3 Qd2 29. Nf2 Qxf4 30. b4 Qd6 31. b5 Qb6 32. Nxe4 fxe4 33. Rb1 e5 34. Rd1 exd4 35. Rxd4 Qxb5 36. Qa2 Qb1+ 37. Qxb1 Rxb1+ 38. Kf2 Rb5 39. Ke3 Kf7 40. Ra4 Kf6 41. Kd4 Rb2 42. h4 Rd2+ 43. Kc5 Ke5 0-1

[Event "GER-chT Nord-West U20"]
[Site "Germany"]
[Date "2006.11.26"]
[Round "4.3"]
[White "Bracker, Arne"]
[Black "Laake, Jasmin Maria"]
[Result "1-0"]
[WhiteElo "2149"]
[BlackElo "2007"]
[PlyCount "93"]
[EventDate "2006.09.24"]
[EventType "team"]
[EventRounds "9"]
[EventCountry "GER"]
[SourceTitle "EXT 2008"]
[Source "ChessBase"]
[SourceDate "2007.11.25"]
[SourceVersion "1"]
[SourceVersionDate "2007.11.25"]
[SourceQuality "1"]

1. e4 c5 2. Nf3 d6 3. d4 cxd4 4. Nxd4 Nf6 5. Nc3 a6 6. Be3 e5 7. Nf3 Be7 8. Bc4 0-0 9. 0-0 Nc6 10. Qe2 Na5 11. Bb3 Nxb3 12. cxb3 b5 13. Rfd1 Qe8 14. Bg5 b4 15. Bxf6 gxf6 16. Nd5 Rb8 17. Rac1 Bd8 18. Nh4 Kh8 19. Ne3 Be7 20. Nhf5 Bxf5 21. Nxf5 Qd7 22. Rd3 Rg8 23. Qh5 Rg5 24. Qxf7 Rc8 25. Rcd1 Rcg8 26. Qxe7 Rxg2+ 27. Kh1 Qxe7 28. Nxe7 R8g7 29. Nf5 Rg8 30. Rg3 Rxf2 31. Rxg8+ Kxg8 32. Rxd6 Rxb2 33. Rxa6 Kf7 34. h4 h5 35. Ra7+ Kf8 36. Rb7 Rxa2 37. Rxb4 Rb2 38. Rb7 Re2 39. Ng3 Re3 40. Kg2 Re1 41. Kf2 Rb1 42. Nxh5 Rh1 43. Kg3 Rg1+ 44. Kf3 Rh1 45. Kg4 Rg1+ 46. Kf5 Rf1+ 47. Ke6 1-0

[Event "GER-ch U18 Girls"]
[Site "Willingen"]
[Date "2006.06.04"]
[Round "3"]
[White "Winkelmann, Elena"]
[Black "Laake, Jasmin Maria"]
[Result "1-0"]
[WhiteElo "2055"]
[BlackElo "1976"]
[PlyCount "67"]
[EventDate "2006.06.03"]
[EventType "swiss"]
[EventRounds "9"]
[EventCountry "GER"]
[SourceTitle "EXT 2007"]
[Source "ChessBase"]
[SourceDate "2006.11.23"]
[SourceVersion "1"]
[SourceVersionDate "2006.11.23"]
[SourceQuality "1"]

1. d4 Nf6 2. c4 c5 3. d5 e6 4. Nc3 exd5 5. cxd5 d6 6. e4 g6 7. Nf3 Bg7 8. Bf4 0-0 9. Be2 Bg4 10. Nd2 Bxe2 11. Qxe2 a6 12. a4 Nh5 13. Be3 Nd7 14. 0-0 Rb8 15. a5 Qc7 16. Nc4 b5 17. axb6 Nxb6 18. Na5 Ra8 19. Nc6 Qb7 20. Ra2 Nd7 21. Rfa1 Nb8 22. Na5 Qe7 23. f3 Nf6 24. Nc4 Nfd7 25. Bf4 Be5 26. Bxe5 dxe5 27. Qd2 Qd8 28. d6 Qc8 29. Nd5 Kg7 30. Ncb6 Nxb6 31. Nxb6 Qb7 32. Nxa8 Qxa8 33. Qc3 Re8 34. Qxc5 1-0